سجاد ظہیر جیات و خدمات / (Record no. 172300)

MARC details
000 -LEADER
fixed length control field 00555nam a22001937a 4500
005 - DATE AND TIME OF LATEST TRANSACTION
control field 20200131121622.0
010 ## - LCCN (DPL NO)
LC control number B-83050
020 ## - INTERNATIONAL STANDARD BOOK NUMBER
International Standard Book Number 200.00
035 ## - SYSTEM CONTROL NUMBER
System control number B-83050
037 ## - SOURCE OF ACQUISITION
Source of stock number/acquisition BPPD/Pub.
082 ## - DEWEY DECIMAL CLASSIFICATION NUMBER
Classification number 840.8
100 ## - MAIN ENTRY--PERSONAL NAME
Personal name زیب النساء
245 ## - TITLE STATEMENT
Title سجاد ظہیر جیات و خدمات /
Statement of responsibility, etc زیب النساء
246 ## - VARYING FORM OF TITLE
Title proper/short title Sajjad Zaheer Hayaat-o-Khidmaat /
Remainder of title by Zaibun Nisa
260 ## - PUBLICATION, DISTRIBUTION, ETC. (IMPRINT)
Place of publication, distribution, etc -
Name of publisher, distributor, etc Keshav Prakashan
Date of publication, distribution, etc 1999 ء
270 ## - ADDRESS
Address -
City -
Postal code -
300 ## - PHYSICAL DESCRIPTION
Extent 373p.
Dimensions 22cm(Hb)
942 ## - ADDED ENTRY ELEMENTS (KOHA)
Source of classification or shelving scheme Dewey Decimal Classification
Item type Urdu Bks
Classification part 840.8
Call number suffix س ج ا
Holdings
Withdrawn status Lost status Not for loan Collection code Home library Current library Date acquired Source of acquisition Cost, normal purchase price Full call number Barcode Copy number Cost, replacement price Koha item type
      Non-fiction Central Library Central Library 31/01/2020 BPPD/Ven. 200.00 840.8 س ج ا B-83050 1 200.00 Urdu Bks

© Delhi Public Library
Hit Counter
free hit counter